000 01683nam a2200277 u 4500
001 000002998
003 DO-SdBNP
005 20250306133250.0
008 090706s1999 dr abd r 000 0 spa d
020 _z8489539960
040 _aDO-SdBNP
_bspa
_cBNPHU
082 _a333.79323
_bM843s
100 1 _aMoreno San Juan, José Luis
_92397
245 1 0 _aSistema Electrico Nacional (SEN), costos de producción y margenes de utilidad en la generación de electricidad 1997-1998 /
_cJosé Luis Moreno San Juan.
260 _aSanto Domingo :
_bUASD,
_c1999.
300 _a441 p. :
_bil., gráf., mapas ;
_c24 cm.
500 _aIncluye anexos
505 2 _aFuentes de energía del futuro --
_tEl mercado mundial del petróleo y su incidencia en la República Dominicana --
_tSistema eléctrico nacional: alternativas tecnológicas y plan estratégico para su desarrollo --
_tEvaluación de los costos de producción de las alternativas tecnológicas para la producción de energía eléctrica en la República Dominicana --
_tCriterios para la evaluación de los costos de producción y márgenes de utilidad para la venta de energía --
_tIntroducción al concepto de despacho económico de plantas --
_tOperación del sistema eléctrico nacional --
590 _aInventariado, 2018/LP
650 4 _aEnergía eléctrica
_zRepública Dominicana
_y1997-1998
_99521
650 4 _aEmpresas eléctricas-tarifas
_y1997-1998
_99522
650 4 _aEmpresas eléctricas
_zRepública Dominicana
_y1997-1998
_99523
710 1 _aUniversidad Autónoma de Santo Domingo
_bFacultad de Ingenieria y Arquitectura
_bInstituto de Energía
_972951
910 _aValidado. Control de calidad MFF
942 _2ddc
_cLBS1
999 _c2830
_d2830